000 00502ntaaa2200193 4500
003 01
005 20251027201901.0
008 0714s1973 ag 01
040 _aAR-BaBN
_bspa
_cAR-BaBN
_eaacr
_dRIC
082 _a231.0000 D92d
100 _aDuquoc, Christian
_952
245 _aDios diferente; ensayo sobre la simbólica trinitaria.
250 _a1 ed.
260 _aSalamanca :
_bSígueme,
_c1978
300 _a119 p.
650 _aTrinidad
650 _aJesucristo-Enseñanzas
_95690
942 _cBK
999 _c13550
_d13550